|
|
แสดงรายละเอียดบรรณานุกรม |
|
|
Brief Record
: Get Marc (ISO 2709)
: E-mail record
: |
|
|
| LEADER 00000nama 2200000uu 4500 | |||
| 001 197481 | |||
| 003 ULIBM | |||
| 008 040531s|||| th m m a000 0 tha d | |||
| 020 974-13-2553-3 | |||
| 041 tha | |||
| 050 HA32 ก399ก 2548 | |||
| 100 กัลยา วานิชย์บัญชา,รศ.ดร. | |||
| 245 การวิเคราะห์สถิติขั้นสูงด้วย SPSS for Windows/รศ.ดร.กัลยา วานิชย์บัญชา. | |||
| 250 พิมพ์ครั้งที่ 4. | |||
| 260 กรุงเทพฯ. จุฬาลงกรณ์มหาวิทยาลัย. 2548. | |||
| 300 260 หน้า. | |||
| 600 1.จุฬาลงกรณ์มหาวิทยาลัย,คณะพาณิชย์ศาสตร์และการบัญชี ภาควิชาสถิติ. | |||
| 650 1.เอส พี เอส เอส(โปรแกรมคอมพิวเตอร์) 2.การประมวลผลข้อมูลอิเล็กทรอนิกส์ 3.สถิติ--การประมวล. | |||
| 995 001 | |||
| คุณยังไม่ได้ล็อกอิน คุณสามารถมีกิจกรรมร่วมกับเว็บไซต์ได้ แต่ต้องล็อกอินก่อน :: |
|
| สถานะ | |||||||||
| 1. | หนังสือทั่วไป สถานะ=อยู่บนชั้นแสดงหนังสือ | HA32 ก399ก 2548 | On Shelf ขอยืม | ||||||
| 2. | หนังสือทั่วไป | HA32 ก399ก 2548 | On Shelf ขอยืม | ||||||
| [แสดง 2/2 รายการ] | |||||||||
BibComment |
| คอมเมนท์ทรัพยากรรายการนี้ |
|
|